Financial Management And Accounting (Record no. 152986)
[ view plain ]
| 000 -LEADER | |
|---|---|
| fixed length control field | 00705nam a22002417a 4500 |
| 003 - CONTROL NUMBER IDENTIFIER | |
| control field | dpl |
| 005 - DATE AND TIME OF LATEST TRANSACTION | |
| control field | 20180622150654.0 |
| 008 - FIXED-LENGTH DATA ELEMENTS--GENERAL INFORMATION | |
| fixed length control field | 080820t xxu||||| |||| 00| 0 eng d |
| 010 ## - LIBRARY OF CONGRESS CONTROL NUMBER | |
| LC control number | A-991565 |
| 020 ## - INTERNATIONAL STANDARD BOOK NUMBER | |
| International Standard Book Number | 8176481432 |
| Terms of availability | 00:00 |
| 035 ## - SYSTEM CONTROL NUMBER | |
| System control number | A-991565 |
| 037 ## - SOURCE OF ACQUISITION | |
| Source of stock number/acquisition | BPPD/PUD |
| 040 ## - CATALOGING SOURCE | |
| Transcribing agency | 0 |
| 082 ## - DEWEY DECIMAL CLASSIFICATION NUMBER | |
| Classification number | 658.15 |
| 100 ## - MAIN ENTRY--PERSONAL NAME | |
| Personal name | Meera Sing |
| 245 ## - TITLE STATEMENT | |
| Title | Financial Management And Accounting |
| Statement of responsibility, etc | by Meera Singh |
| 250 ## - EDITION STATEMENT | |
| Edition statement | 0 |
| 260 ## - PUBLICATION, DISTRIBUTION, ETC. (IMPRINT) | |
| Place of publication, distribution, etc | New Delhi |
| Name of publisher, distributor, etc | A.P.H Publishing Corporation |
| Date of publication, distribution, etc | 2000 |
| 270 ## - ADDRESS | |
| Address | 5, Ansari Road, Darya Ganj |
| City | Delhi |
| State or province | New Delhi |
| Postal code | 110002 |
| Telephone number | 3274050 |
| 300 ## - PHYSICAL DESCRIPTION | |
| Extent | viii, 277p. |
| Dimensions | 24 cm (Pbk) |
| 700 ## - ADDED ENTRY--PERSONAL NAME | |
| Personal name | H.K. Singh |
| 942 ## - ADDED ENTRY ELEMENTS (KOHA) | |
| Institution code [OBSOLETE] | dpl |
| Koha item type | English Books |
| Call number prefix | 658.15 / MEE |
| Source of classification or shelving scheme | Dewey Decimal Classification |
| Classification part | 658.1511 |
| Call number suffix | MEE |
| Withdrawn status | Lost status | Source of classification or shelving scheme | Damaged status | Not for loan | Collection code | Home library | Current library | Date acquired | Source of acquisition | Cost, normal purchase price | Total Checkouts | Full call number | Barcode | Date last seen | Cost, replacement price | Price effective from | Koha item type |
|---|---|---|---|---|---|---|---|---|---|---|---|---|---|---|---|---|---|
| Binding | Dewey Decimal Classification | Non-fiction | Shahdara Branch | Shahdara Branch | 16/01/2019 | BPPD/PUB | 0.00 | 658.1511 MEE | A-991565 | 22/06/2018 | 0.00 | 22/06/2018 | English Books |
